Statistiques concernant Portugais célèbres par images

Cliquez ici pour prendre le quiz!

Statistiques générales

  • Ce quiz a été pris 164 fois
  • Le résultat moyen est 5 sur 16

Statistiques - réponses

Réponse% Correct
Cristiano Ronaldo
99%
Eusébio
71%
Vasco de Gama
69%
Ferdinand de Magellan
51%
António de Oliveira Salazar
45%
Lio
41%
Antonio Guterres
22%
Tony Carreira
22%
Amalia Rodrigues
20%
Fernando Pessoa
16%
Luis Rego
8%
Joaquim de Almeida
7%
Sara Sampaio
7%
Mario Soares
5%
Henri le Navigateur
4%
José Saramago
3%

Distribution des résultats

Percentile par nombre de réponses

% des personnes avec chaque résultat

Votre développement - résultats

Vous n’avez pas pris ce quiz